[Event "CZE-chT2D 0910"]
[Site "Czech Republic"]
[Date "2010.03.14"]
[Round "9.2"]
[White "Krejci, Jakub"]
[Black "Piza, Vlastimil"]
[Result "0-1"]
[WhiteElo "2124"]
[BlackElo "2297"]
[PlyCount "70"]
[EventDate "2009.10.18"]
[EventType "team-tourn"]
[EventRounds "11"]
[EventCountry "CZE"]
[SourceTitle "EXT 2012"]
[Source "ChessBase"]
[SourceDate "2011.11.24"]
[SourceVersion "1"]
[SourceVersionDate "2011.11.24"]
[SourceQuality "1"]
[WhiteTeam "Pelhrimov"]
[BlackTeam "Trebic Caissa"]
[WhiteTeamCountry "CZE"]
[BlackTeamCountry "CZE"]

1. d4 Nf6 2. c4 c5 3. d5 e6 4. Nc3 exd5 5. cxd5 d6 6. e4 g6 7. Nf3 Bg7 8. Nd2 0-0 9. Be2 Na6 10. 0-0 Nc7 11. a4 Re8 12. Re1 b6 13. f4 Rb8 14. Bf3 a6 15. Nc4 b5 16. axb5 Nxb5 17. e5 dxe5 18. fxe5 Nh5 19. g4 Qh4 20. Re4 Nxc3 21. bxc3 Nf6 22. exf6 Rxe4 23. Bxe4 Bxg4 24. Qf1 Bh3 25. Qe2 Bxf6 26. Bd2 Re8 27. Nd6 Re5 28. Rxa6 Bg5 29. Be1 Qf4 30. Bg3 Qc1+ 31. Kf2 Qxc3 32. Ra8+ Kg7 33. Bxe5+ Qxe5 34. Ne8+ Kh6 35. Ra3 Qxh2+ 0-1

[Event "CZE-chT2D 0910"]
[Site "Czech Republic"]
[Date "2009.10.18"]
[Round "1.2"]
[White "Krejci, Jakub"]
[Black "Mlynek, Petr"]
[Result "0-1"]
[WhiteElo "2124"]
[BlackElo "2218"]
[PlyCount "48"]
[EventDate "2009.10.18"]
[EventType "team-tourn"]
[EventRounds "11"]
[EventCountry "CZE"]
[SourceTitle "EXT 2012"]
[Source "ChessBase"]
[SourceDate "2011.11.24"]
[SourceVersion "1"]
[SourceVersionDate "2011.11.24"]
[SourceQuality "1"]
[WhiteTeam "Pelhrimov"]
[BlackTeam "Brno Duras II"]
[WhiteTeamCountry "CZE"]
[BlackTeamCountry "CZE"]

1. d4 d5 2. c4 c6 3. Nf3 e6 4. Nc3 dxc4 5. a4 Bb4 6. e3 b5 7. Bd2 a5 8. Ne4 Bb7 9. b3 f5 10. Neg5 c3 11. Nxe6 Qe7 12. Nf4 Nf6 13. axb5 Ne4 14. Bc4 cxd2+ 15. Kf1 Nd7 16. bxc6 Bxc6 17. Ne6 Nb6 18. Ne5 Nxc4 19. Nxg7+ Qxg7 20. Qh5+ Kf8 21. Qxf5+ Qf6 22. Qxf6+ Nxf6 23. bxc4 Bc3 24. Rb1 Be4 0-1

[Event "CZE-chT1E 0809"]
[Site "Czech Republic"]
[Date "2008.11.29"]
[Round "4.2"]
[White "Krejci, Jakub"]
[Black "Helis, Tadeusz"]
[Result "1/2-1/2"]
[WhiteElo "2253"]
[BlackElo "2312"]
[PlyCount "40"]
[EventDate "2008.11.08"]
[EventType "tourn"]
[EventRounds "11"]
[EventCountry "CZE"]
[SourceTitle "EXT 2010"]
[Source "ChessBase"]
[SourceDate "2010.11.25"]
[SourceVersion "1"]
[SourceVersionDate "2010.11.25"]
[SourceQuality "1"]
[WhiteTeam "Poruba Slavoj"]
[BlackTeam "Orlova Slavia"]
[WhiteTeamCountry "CZE"]
[BlackTeamCountry "CZE"]

1. e4 c5 2. Nf3 e6 3. d4 cxd4 4. Nxd4 a6 5. Bd3 Qb6 6. Nb3 Qc7 7. 0-0 Nf6 8. c4 d6 9. Nc3 Nbd7 10. Be3 Be7 11. Rc1 0-0 12. f3 b6 13. Qd2 Bb7 14. Rfd1 Ne5 15. Be2 Rad8 16. Nd4 Rfe8 17. b3 Rc8 18. Qe1 Nfd7 19. Qg3 Nc5 20. Qf2 Qd7 1/2-1/2

[Event "CZE-chT1E 0607"]
[Site "Czech Republic"]
[Date "2006.10.22"]
[Round "1.3"]
[White "Jurasek, Miroslav"]
[Black "Krejci, Jakub"]
[Result "1/2-1/2"]
[WhiteElo "2312"]
[BlackElo "2256"]
[PlyCount "122"]
[EventDate "2006.10.15"]
[EventType "team-tourn"]
[EventRounds "11"]
[EventCountry "CZE"]
[SourceTitle "EXT 2008"]
[Source "ChessBase"]
[SourceDate "2007.11.25"]
[SourceVersion "1"]
[SourceVersionDate "2007.11.25"]
[SourceQuality "1"]

1. e4 c5 2. Ne2 e6 3. Nbc3 Nc6 4. g3 Nf6 5. Bg2 Be7 6. d4 cxd4 7. Nxd4 d6 8. 0-0 0-0 9. h3 a6 10. g4 Qc7 11. g5 Nd7 12. h4 Nxd4 13. Qxd4 b5 14. b3 Qc5 15. Qxc5 Nxc5 16. Be3 b4 17. Bxc5 dxc5 18. e5 Rb8 19. Ne4 Bb7 20. Nd2 Bxg2 21. Kxg2 f6 22. f4 Rbd8 23. Nf3 fxg5 24. fxg5 c4 25. Rad1 c3 26. Kf2 h6 27. Ke3 hxg5 28. hxg5 g6 29. Rxd8 Rxd8 30. Ke4 Bc5 31. Kf4 Kg7 32. Re1 Rd5 33. Re4 Kf7 34. Rc4 a5 35. Ke4 Ke7 36. Nd4 Bxd4 37. Rxd4 Rc5 38. Rd1 Rb5 39. Rd4 Rc5 40. Rd6 Rc8 41. Ra6 Rc5 42. Ra7+ Kf8 43. Rd7 Rb5 44. Rd8+ Ke7 45. Rd4 Rc5 46. a3 bxa3 47. Ra4 Rd5 48. Rxa3 Rd2 49. Rxa5 Rxc2 50. Rc5 Rg2 51. Rxc3 Rxg5 52. Rc7+ Kd8 53. Rb7 Rg3 54. b4 Rg4+ 55. Kd3 Kc8 56. Rb6 Kc7 57. Rxe6 Rxb4 58. Rxg6 Kd7 59. Rd6+ Ke7 60. Ke3 Ra4 61. Rb6 Rh4 1/2-1/2

[Event "CZE-chT1 East 0506"]
[Site "Czech Republic"]
[Date "2006.03.19"]
[Round "10.6"]
[White "Krejci, Jakub"]
[Black "Bures, Vit"]
[Result "1-0"]
[WhiteElo "2247"]
[BlackElo "2243"]
[PlyCount "83"]
[EventDate "2005.10.23"]
[EventType "team-tourn"]
[EventRounds "11"]
[EventCountry "CZE"]
[SourceTitle "EXT 2008"]
[Source "ChessBase"]
[SourceDate "2007.11.25"]
[SourceVersion "1"]
[SourceVersionDate "2007.11.25"]
[SourceQuality "1"]

1. e4 c5 2. Nf3 d6 3. d4 cxd4 4. Nxd4 Nf6 5. Nc3 g6 6. Be3 Bg7 7. f3 0-0 8. Bc4 Nc6 9. Qd2 Bd7 10. h4 Rc8 11. Bb3 h5 12. 0-0-0 Ne5 13. Bg5 Rc5 14. g4 hxg4 15. f4 Nc4 16. Qe2 Qc8 17. h5 gxh5 18. Bxf6 exf6 19. f5 Re8 20. Rxh5 Ne5 21. Nd5 Bc6 22. Qh2 Bxd5 23. Bxd5 Rxd5 24. exd5 Qc4 25. Rh1 Kf8 26. Qd2 Ke7 27. Rh7 Bf8 28. b3 Qxd5 29. Rd1 Rc8 30. Qb4 Qe4 31. Qd2 Ke8 32. Kb1 Rc5 33. Re1 Qd5 34. c4 Rxc4 35. bxc4 Qxc4 36. Rc1 Qd5 37. Qc3 Qc5 38. Qxc5 dxc5 39. Nb5 c4 40. Rd1 Bc5 41. Rh8+ Ke7 42. Rdd8 1-0

[Event "CZE-chT1 East 0506"]
[Site "Czech Republic"]
[Date "2006.02.05"]
[Round "7.5"]
[White "Krejci, Jakub"]
[Black "Hrubes, Pavel"]
[Result "1-0"]
[WhiteElo "2247"]
[BlackElo "2132"]
[PlyCount "85"]
[EventDate "2005.10.23"]
[EventType "team-tourn"]
[EventRounds "11"]
[EventCountry "CZE"]
[SourceTitle "EXT 2008"]
[Source "ChessBase"]
[SourceDate "2007.11.25"]
[SourceVersion "1"]
[SourceVersionDate "2007.11.25"]
[SourceQuality "1"]

1. e4 d6 2. d4 Nf6 3. Nc3 g6 4. Be3 Bg7 5. Qd2 c6 6. Bh6 0-0 7. Bxg7 Kxg7 8. 0-0-0 b5 9. f3 a6 10. g4 Nbd7 11. h4 Rh8 12. h5 Nb6 13. h6+ Kf8 14. g5 Ne8 15. f4 Rg8 16. Nf3 Bg4 17. Qg2 Qc8 18. Rg1 Be6 19. Kb1 Rb8 20. Bd3 Nc7 21. Nh4 b4 22. Ne2 Nb5 23. f5 gxf5 24. exf5 Bd5 25. Qf2 Ke8 26. g6 Kd7 27. gxh7 Re8 28. f6 Kc7 29. fxe7 Qe6 30. Nf4 Qxe7 31. Rde1 Qf6 32. Rxe8 Rxe8 33. Rg8 Qxd4 34. Nxd5+ Nxd5 35. Qxf7+ Re7 36. Qxe7+ Nxe7 37. h8Q Qxh4 38. Rg1 Nd5 39. Qg7+ Kb6 40. Bxb5 axb5 41. h7 Nc3+ 42. bxc3 bxc3 43. a3 1-0

[Event "CZE-chT1 East 0506"]
[Site "Czech Republic"]
[Date "2006.01.22"]
[Round "6.6"]
[White "Krejci, Jakub"]
[Black "Trombik, Karel"]
[Result "1-0"]
[WhiteElo "2247"]
[BlackElo "2235"]
[PlyCount "49"]
[EventDate "2005.10.23"]
[EventType "team-tourn"]
[EventRounds "11"]
[EventCountry "CZE"]
[SourceTitle "EXT 2008"]
[Source "ChessBase"]
[SourceDate "2007.11.25"]
[SourceVersion "1"]
[SourceVersionDate "2007.11.25"]
[SourceQuality "1"]

1. e4 c6 2. d4 d5 3. e5 Bf5 4. Nf3 e6 5. Be2 Nd7 6. 0-0 h6 7. b3 Ne7 8. c4 c5 9. Na3 a6 10. Bb2 Bh7 11. Rc1 Rc8 12. Qd2 dxc4 13. Nxc4 Nd5 14. Rcd1 Be7 15. Nd6+ Bxd6 16. exd6 cxd4 17. Rc1 N7b6 18. Rxc8 Qxc8 19. Qxd4 f6 20. Rc1 Qb8 21. Bc4 Bg6 22. Bxd5 Nxd5 23. Qa4+ Kd8 24. Qg4 Bf7 25. Qxg7 1-0

[Event "CZE-chT1 East 0506"]
[Site "Czech Republic"]
[Date "2005.12.11"]
[Round "4.4"]
[White "Krejci, Jakub"]
[Black "Novosak, Jiri"]
[Result "0-1"]
[WhiteElo "2247"]
[BlackElo "2311"]
[PlyCount "114"]
[EventDate "2005.10.23"]
[EventType "team-tourn"]
[EventRounds "11"]
[EventCountry "CZE"]
[SourceTitle "EXT 2008"]
[Source "ChessBase"]
[SourceDate "2007.11.25"]
[SourceVersion "1"]
[SourceVersionDate "2007.11.25"]
[SourceQuality "1"]

1. e4 e6 2. d4 d5 3. Nd2 a6 4. Ngf3 c5 5. dxc5 Bxc5 6. Bd3 dxe4 7. Nxe4 Be7 8. 0-0 Nf6 9. Qe2 Nbd7 10. Rd1 Qc7 11. Bg5 Nxe4 12. Qxe4 Nc5 13. Qc4 Bxg5 14. Nxg5 Qe7 15. Ne4 Nxd3 16. Rxd3 0-0 17. Qc5 Qxc5 18. Nxc5 e5 19. Nd7 e4 20. Rd4 Bxd7 21. Rxd7 Rac8 22. c3 b5 23. a3 f5 24. Rad1 Rce8 25. Ra7 Re6 26. Rdd7 Rg6 27. Kf1 h5 28. g3 f4 29. Ke2 e3 30. gxf4 exf2 31. Kxf2 Rxf4+ 32. Ke3 Rfg4 33. Ra8+ Kh7 34. Rd5 Rh4 35. Rd2 Rgg4 36. Kd3 Rg6 37. Kc2 Rhg4 38. Kb3 Rg2 39. Rad8 h4 40. R8d4 Rxd2 41. Rxd2 Rg4 42. Rd6 Rg2 43. h3 Rg3 44. Rxa6 Rxh3 45. a4 bxa4+ 46. Rxa4 g5 47. Ra7+ Kg6 48. Kc4 Rf3 49. b4 h3 50. Ra2 g4 51. Rh2 Kg5 52. b5 Kh4 53. b6 g3 54. b7 Rf8 55. Ra2 Rb8 56. Ra8 Rxb7 57. Rh8+ Kg4 0-1

[Event "CZE-chT1 East 0506"]
[Site "Czech Republic"]
[Date "2005.11.26"]
[Round "9.6"]
[White "Jasny, Stanislav"]
[Black "Krejci, Jakub"]
[Result "1-0"]
[WhiteElo "2328"]
[BlackElo "2247"]
[PlyCount "51"]
[EventDate "2005.10.23"]
[EventType "team-tourn"]
[EventRounds "11"]
[EventCountry "CZE"]
[SourceTitle "EXT 2008"]
[Source "ChessBase"]
[SourceDate "2007.11.25"]
[SourceVersion "1"]
[SourceVersionDate "2007.11.25"]
[SourceQuality "1"]

1. e4 c5 2. Nf3 e6 3. d4 cxd4 4. Nxd4 Nf6 5. Nc3 d6 6. Be3 Be7 7. f3 Nc6 8. Qd2 0-0 9. 0-0-0 a6 10. g4 Nxd4 11. Qxd4 Nd7 12. g5 b5 13. h4 Rb8 14. Qd2 b4 15. Ne2 Qa5 16. Kb1 e5 17. Nc1 Qc7 18. h5 Nc5 19. g6 Na4 20. h6 fxg6 21. hxg7 Rf7 22. Nb3 Kxg7 23. Qd5 Rxf3 24. Bc4 Bb7 25. Rxh7+ Kxh7 26. Rh1+ 1-0

[Event "CZE-chT1 East 0506"]
[Site "Czech Republic"]
[Date "2005.11.13"]
[Round "2.3"]
[White "Olsar, Jaroslav"]
[Black "Krejci, Jakub"]
[Result "0-1"]
[WhiteElo "2327"]
[BlackElo "2247"]
[PlyCount "148"]
[EventDate "2005.10.23"]
[EventType "team-tourn"]
[EventRounds "11"]
[EventCountry "CZE"]
[SourceTitle "EXT 2008"]
[Source "ChessBase"]
[SourceDate "2007.11.25"]
[SourceVersion "1"]
[SourceVersionDate "2007.11.25"]
[SourceQuality "1"]

1. e4 c5 2. Nf3 e6 3. d4 cxd4 4. Nxd4 Nf6 5. Nc3 d6 6. f4 Nc6 7. Nf3 Be7 8. Bd3 0-0 9. 0-0 Nb4 10. Kh1 Nxd3 11. cxd3 b6 12. Be3 Bb7 13. Qb3 d5 14. e5 d4 15. Nxd4 Nd5 16. Bg1 Nxc3 17. bxc3 Rc8 18. f5 Rc5 19. fxe6 Rxe5 20. exf7+ Kh8 21. Rae1 Qa8 22. Qc2 Rxe1 23. Rxe1 Rxf7 24. Qe2 Bg5 25. Rf1 Rxf1 26. Qxf1 Bd5 27. Nf5 Bf6 28. Bd4 Bxd4 29. Nxd4 h6 30. Kg1 Qe8 31. Qf2 Qa4 32. Qd2 Qd7 33. h3 Qd6 34. Qe3 Qa3 35. Qd2 Qd6 36. Qf2 Qa3 37. Nb3 Qd6 38. Qe2 a5 39. Qe3 Qc6 40. Qd2 a4 41. Nd4 Qd6 42. Qe3 Qa3 43. Qd2 Qd6 44. Kf2 Qd7 45. Nf3 Qf7 46. c4 Bxf3 47. gxf3 Qe6 48. Kg1 Qg6+ 49. Kh2 Qd6+ 50. Kg2 Qg6+ 51. Kf2 Qe6 52. h4 Qf6 53. Kg3 Qg6+ 54. Kh2 Qd6+ 55. Kg2 Qg6+ 56. Kh2 Qd6+ 57. f4 Qd4 58. Kg3 a3 59. Qe2 Qg1+ 60. Qg2 Qe1+ 61. Qf2 Qb1 62. Qe2 Qg1+ 63. Kf3 Qh1+ 64. Kg4 Qa1 65. Qe8+ Kh7 66. Qe4+ g6 67. Qe7+ Kg8 68. Qd8+ Kh7 69. Qc7+ Kg8 70. Qxb6 Qd1+ 71. Kg3 Qxd3+ 72. Kf2 Qc2+ 73. Ke3 Qc3+ 74. Kf2 Qb2+ 0-1

[Event "CZE-chT 0405"]
[Site "Czech Republic"]
[Date "2005.02.20"]
[Round "7.6"]
[White "Krejci, Jakub"]
[Black "Cernousek, Lukas"]
[Result "0-1"]
[WhiteElo "2257"]
[BlackElo "2378"]
[PlyCount "58"]
[EventDate "2004.11.??"]
[EventType "team-tourn"]
[EventRounds "11"]
[EventCountry "CZE"]
[SourceTitle "EXT 2006"]
[Source "ChessBase"]
[SourceDate "2005.11.24"]
[SourceVersion "1"]
[SourceVersionDate "2005.11.24"]
[SourceQuality "1"]
[WhiteTeam "Ostrava Slavoj"]
[BlackTeam "Kolin"]
[WhiteTeamCountry "CZE"]
[BlackTeamCountry "CZE"]

1. e4 c5 2. Nf3 d6 3. d4 Nf6 4. Nc3 cxd4 5. Nxd4 g6 6. Be3 Bg7 7. f3 Nc6 8. Qd2 0-0 9. Bc4 Bd7 10. h4 Qa5 11. Bb3 Rfc8 12. 0-0-0 Ne5 13. g4 b5 14. h5 b4 15. Nd5 Nxd5 16. exd5 Nc4 17. Bxc4 Rxc4 18. Kb1 Qxd5 19. hxg6 fxg6 20. Qh2 Qe5 21. Bf4 Qf6 22. g5 Qf7 23. Qxh7+ Kf8 24. Be3 Rac8 25. f4 Bf5 26. Rd2 b3 27. axb3 Rxc2 28. Rxc2 Rxc2 29. Ka2 Qd5 0-1

[Event "CZE-chT 0405"]
[Site "Czech Republic"]
[Date "2004.12.04"]
[Round "3.6"]
[White "Krejci, Jakub"]
[Black "Buchnicek, Petr"]
[Result "0-1"]
[WhiteElo "2257"]
[BlackElo "2320"]
[PlyCount "72"]
[EventDate "2004.11.??"]
[EventType "team-tourn"]
[EventRounds "11"]
[EventCountry "CZE"]
[SourceTitle "EXT 2006"]
[Source "ChessBase"]
[SourceDate "2005.11.24"]
[SourceVersion "1"]
[SourceVersionDate "2005.11.24"]
[SourceQuality "1"]
[WhiteTeam "Ostrava Slavoj"]
[BlackTeam "Grygov"]
[WhiteTeamCountry "CZE"]
[BlackTeamCountry "CZE"]

1. e4 d5 2. exd5 Nf6 3. d4 Nxd5 4. Nf3 g6 5. c4 Nb6 6. h3 Bg7 7. Nc3 0-0 8. Be3 Nc6 9. Qd2 e5 10. d5 Na5 11. b3 e4 12. Nd4 f5 13. Bg5 Qe8 14. c5 Qe5 15. cxb6 f4 16. 0-0-0 Qxg5 17. Ncb5 e3 18. Qxa5 f3 19. fxe3 fxg2 20. Bxg2 Qxg2 21. Nxc7 Rf2 22. Rhg1 Qe4 23. Qc3 Bf5 24. Qd3 Qe7 25. d6 Qxd6 26. Qc4+ Kh8 27. Ne2 Qa3+ 28. Kd2 Rf8 29. Ke1 Bxh3 30. Nf4 Qb2 31. Nxg6+ hxg6 32. Qh4+ Kg8 33. Qc4+ R8f7 34. Rd8+ Kh7 35. Qh4+ Bh6 36. Rh8+ Qxh8 0-1

[Event "CZE-chT 0405"]
[Site "Czech Republic"]
[Date "2004.11.07"]
[Round "2.6"]
[White "Krejci, Jakub"]
[Black "Antoniewski, Rafal"]
[Result "0-1"]
[WhiteElo "2257"]
[BlackElo "2484"]
[PlyCount "88"]
[EventDate "2004.11.??"]
[EventType "team-tourn"]
[EventRounds "11"]
[EventCountry "CZE"]
[SourceTitle "EXT 2006"]
[Source "ChessBase"]
[SourceDate "2005.11.24"]
[SourceVersion "1"]
[SourceVersionDate "2005.11.24"]
[SourceQuality "1"]
[WhiteTeam "Ostrava Slavoj"]
[BlackTeam "Opava"]
[WhiteTeamCountry "CZE"]
[BlackTeamCountry "CZE"]

1. e4 c5 2. Nf3 d6 3. d4 cxd4 4. Nxd4 Nf6 5. Nc3 Bd7 6. f3 e5 7. Nb3 Bc6 8. Be3 Be7 9. Qd2 0-0 10. 0-0-0 a5 11. Kb1 a4 12. Nc1 Ra5 13. Qf2 Nbd7 14. g4 d5 15. g5 Nxe4 16. fxe4 d4 17. Bxd4 exd4 18. Qxd4 Bxg5 19. Nd5 Bxd5 20. exd5 Bf6 21. Qb4 a3 22. b3 b6 23. Bb5 Nc5 24. d6 Qa8 25. Rhf1 Qe4 26. Qxe4 Nxe4 27. c4 Nc3+ 28. Kc2 Nxb5 29. cxb5 Rxb5 30. d7 Rc5+ 31. Kb1 Rd8 32. Rf3 Rc7 33. Rfd3 Be5 34. h3 f6 35. b4 Rc4 36. Rxa3 Rxb4+ 37. Nb3 Kf7 38. Ra7 g5 39. Rd3 h5 40. a3 Rc4 41. Ra6 Rc3 42. Rxc3 Bxc3 43. Rxb6 Rxd7 44. Nc5 Re7 0-1

[Event "MOR-chT 0203"]
[Site "Moravia"]
[Date "2002.12.08"]
[Round "4"]
[White "Buchnicek, Petr"]
[Black "Krejci, Jakub"]
[Result "1/2-1/2"]
[WhiteElo "2291"]
[BlackElo "2286"]
[PlyCount "61"]
[EventDate "2002.10.??"]
[EventType "team-tourn"]
[EventRounds "11"]
[EventCountry "CZE"]
[SourceTitle "EXT 2005"]
[Source "ChessBase"]
[SourceDate "2004.11.15"]
[SourceVersion "1"]
[SourceVersionDate "2004.11.15"]
[SourceQuality "1"]

1. e4 c5 2. c3 d5 3. exd5 Qxd5 4. d4 Nf6 5. Nf3 Bg4 6. Be2 cxd4 7. cxd4 e6 8. 0-0 Nc6 9. h3 Bh5 10. Nc3 Qa5 11. a3 Bd6 12. Be3 0-0 13. b4 Qd8 14. Qb3 Rc8 15. Rad1 Nd5 16. Nxd5 exd5 17. Bg5 Ne7 18. Rc1 f6 19. Be3 Bf7 20. Rxc8 Qxc8 21. Rc1 Qd7 22. Ne1 Rc8 23. Rxc8+ Qxc8 24. Nd3 Qc7 25. g4 b6 26. b5 Qc4 27. Qb2 Qa4 28. Nb4 Be8 29. Nc2 Bg6 30. Nb4 Be8 31. Nc2 1/2-1/2

[Event "MOR-chT 0203"]
[Site "Moravia"]
[Date "2002.10.20"]
[Round "1"]
[White "Molik, Zdenek"]
[Black "Krejci, Jakub"]
[Result "0-1"]
[WhiteElo "2176"]
[BlackElo "2284"]
[PlyCount "96"]
[EventDate "2002.10.??"]
[EventType "team-tourn"]
[EventRounds "11"]
[EventCountry "CZE"]
[SourceTitle "EXT 2005"]
[Source "ChessBase"]
[SourceDate "2004.11.15"]
[SourceVersion "1"]
[SourceVersionDate "2004.11.15"]
[SourceQuality "1"]

1. e4 c5 2. Nf3 e6 3. d4 cxd4 4. Nxd4 Nf6 5. Nc3 d6 6. g3 Be7 7. Bg2 a6 8. a4 Qc7 9. 0-0 Nc6 10. Nxc6 bxc6 11. a5 Rb8 12. Be3 c5 13. Na4 Bb7 14. Qd3 0-0 15. Nb6 Qc6 16. f3 Rbd8 17. c4 Nd7 18. Na4 f5 19. Nc3 fxe4 20. Nxe4 Ne5 21. Qc3 Qc7 22. Bf4 Ng6 23. Be3 Bxe4 24. fxe4 Bf6 25. Qc1 Rb8 26. Rf2 Ne5 27. Rd2 Ng4 28. Bf4 Bd4+ 29. Rxd4 cxd4 30. Bh3 h5 31. c5 e5 32. cxd6 Qxc1+ 33. Bxc1 Rfd8 34. Bf1 Rxd6 35. Bc4+ Kh7 36. b3 Rf6 37. h3 Nf2 38. Ra2 Nd1 39. Bg5 Rf3 40. Kg2 Rbf8 41. Bxa6 Rxb3 42. Bc4 Rc3 43. Bd5 Rff3 44. a6 Rxg3+ 45. Kf1 Rxg5 46. a7 Ne3+ 47. Ke2 Rg2+ 48. Kf3 Rxa2 0-1

[Event "Regionalliga NW 0102"]
[Site "Bayern"]
[Date "2002.03.17"]
[Round "7.4"]
[White "Krejci, Jakub"]
[Black "Helbig, Uwe"]
[Result "1-0"]
[WhiteElo "2155"]
[BlackElo "2175"]
[PlyCount "109"]
[EventDate "2001.10.07"]
[EventType "team-tourn"]
[EventRounds "9"]
[EventCountry "GER"]
[SourceTitle "EXT 2003"]
[Source "ChessBase"]
[SourceDate "2002.11.25"]
[SourceVersion "1"]
[SourceVersionDate "2002.11.25"]
[SourceQuality "1"]
[WhiteTeam "Obernau"]
[BlackTeam "Bindlach II"]
[WhiteTeamCountry "GER"]
[BlackTeamCountry "GER"]

1. e4 d6 2. d4 Nf6 3. Nc3 g6 4. Be3 Bg7 5. Qd2 Ng4 6. Bg5 h6 7. Bh4 g5 8. Bg3 e5 9. Nge2 Nc6 10. d5 Ne7 11. f3 Nf6 12. h4 Nh7 13. hxg5 hxg5 14. Bf2 Ng6 15. 0-0-0 Nhf8 16. Rxh8 Bxh8 17. Be3 f6 18. g3 Qe7 19. Nb5 a6 20. Qa5 b6 21. Qc3 Kd8 22. Qc6 Rb8 23. Na7 Qd7 24. Qc4 Ne7 25. Nxc8 Qxc8 26. Ng1 b5 27. Qb4 Qb7 28. Kb1 Bg7 29. Rd3 Nc8 30. Qa5 Nb6 31. Bxb6 Qxb6 32. Qxb6 Rxb6 33. Bh3 c5 34. dxc6 Rxc6 35. Bf5 Ke7 36. Ne2 Ne6 37. Bxe6 Kxe6 38. g4 Rc8 39. a3 Rh8 40. Nc3 Rc8 41. Nd5 Bf8 42. Rc3 Rxc3 43. Nxc3 Be7 44. Nd5 Bd8 45. Ka2 Kd7 46. Kb3 Kc6 47. c4 Kc5 48. cxb5 Kxb5 49. Kc3 a5 50. b3 Kc5 51. b4+ Kb5 52. Kb3 axb4 53. axb4 Ka6 54. Kc4 Ka7 55. Nc3 1-0

[Event "Regionalliga NW 0102"]
[Site "Bayern"]
[Date "2002.02.03"]
[Round "5.4"]
[White "Krejci, Jakub"]
[Black "Kirschneck, Toralf"]
[Result "1-0"]
[WhiteElo "2155"]
[BlackElo "2115"]
[PlyCount "57"]
[EventDate "2001.10.07"]
[EventType "team-tourn"]
[EventRounds "9"]
[EventCountry "GER"]
[SourceTitle "EXT 2003"]
[Source "ChessBase"]
[SourceDate "2002.11.25"]
[SourceVersion "1"]
[SourceVersionDate "2002.11.25"]
[SourceQuality "1"]
[WhiteTeam "Obernau"]
[BlackTeam "Marktleuthen"]
[WhiteTeamCountry "GER"]
[BlackTeamCountry "GER"]

1. e4 c5 2. Nf3 Nc6 3. d4 cxd4 4. Nxd4 d6 5. Nc3 g6 6. Be3 Bg7 7. Qd2 Nf6 8. f3 Bd7 9. 0-0-0 Rc8 10. Kb1 Ne5 11. Bh6 0-0 12. Bxg7 Kxg7 13. g4 Nc4 14. Bxc4 Rxc4 15. h4 Qa5 16. h5 Ng8 17. Nb3 Qa6 18. Nd5 Rfc8 19. hxg6 fxg6 20. Qh2 Rxc2 21. Qxh7+ Kf8 22. Nf4 Ba4 23. Nxg6+ Ke8 24. Qxg8+ Kd7 25. Qf7 Bxb3 26. Qxe7+ Kc6 27. Rxd6+ Kb5 28. Rxa6 bxa6 29. axb3 1-0

[Event "Olomouc Ave Kontakt Cup"]
[Site "Olomouc"]
[Date "2002.??.??"]
[Round "8"]
[White "Bakalarz, Mietek"]
[Black "Krejci, Jakub"]
[Result "1-0"]
[WhiteElo "2321"]
[BlackElo "2286"]
[PlyCount "97"]
[EventDate "2002.08.??"]
[EventType "tourn"]
[EventRounds "11"]
[EventCountry "CZE"]
[EventCategory "3"]
[SourceTitle "CBM 089 Extra"]
[Source "ChessBase"]
[SourceDate "2002.09.10"]
[SourceVersion "2"]
[SourceVersionDate "2002.09.10"]
[SourceQuality "1"]

1. d4 Nf6 2. Nf3 e6 3. Bg5 Be7 4. Nbd2 h6 5. Bh4 c5 6. e3 0-0 7. Bd3 d6 8. c3 Nbd7 9. a4 b6 10. Qe2 Bb7 11. 0-0 Nh5 12. Bg3 Nxg3 13. hxg3 Rc8 14. a5 cxd4 15. exd4 Qc7 16. g4 Rfe8 17. Qe3 Nf8 18. g5 hxg5 19. Nxg5 Bxg5 20. Qxg5 e5 21. axb6 axb6 22. dxe5 Rxe5 23. Qg3 Ne6 24. Ra4 Rg5 25. Rg4 Rxg4 26. Qxg4 Nc5 27. Bc2 Re8 28. Nf3 Be4 29. Re1 Qc6 30. Nd4 Qa8 31. Bxe4 Rxe4 32. Rxe4 Qxe4 33. Qxe4 Nxe4 34. f3 Nf6 35. Nf5 d5 36. Kf2 Kf8 37. Ke3 g6 38. Nd6 Nd7 39. Kd4 Nc5 40. Nc8 Ne6+ 41. Ke5 Nc5 42. Kxd5 Na4 43. c4 Nxb2 44. Nxb6 Nd3 45. Kd6 Ne1 46. c5 Nxg2 47. c6 Ne3 48. c7 Nf5+ 49. Kd7 1-0

[Event "Olomouc Ave Kontakt Cup"]
[Site "Olomouc"]
[Date "2002.??.??"]
[Round "9"]
[White "Krejci, Jakub"]
[Black "Meissner, Bernd"]
[Result "1/2-1/2"]
[WhiteElo "2286"]
[BlackElo "2382"]
[PlyCount "27"]
[EventDate "2002.08.??"]
[EventType "tourn"]
[EventRounds "11"]
[EventCountry "CZE"]
[EventCategory "3"]
[SourceTitle "CBM 089 Extra"]
[Source "ChessBase"]
[SourceDate "2002.09.10"]
[SourceVersion "2"]
[SourceVersionDate "2002.09.10"]
[SourceQuality "1"]

1. e4 e5 2. Nf3 Nf6 3. Nxe5 d6 4. Nf3 Nxe4 5. Bd3 Ng5 6. 0-0 Bg4 7. Be2 Bxf3 8. Bxf3 Nxf3+ 9. Qxf3 Nc6 10. c3 Be7 11. d4 0-0 12. Bf4 Bg5 13. Nd2 Qf6 14. Bxg5 1/2-1/2

[Event "Olomouc Ave Kontakt Cup"]
[Site "Olomouc"]
[Date "2002.??.??"]
[Round "5"]
[White "Krejci, Jakub"]
[Black "Sachdev, Tania"]
[Result "1-0"]
[WhiteElo "2286"]
[BlackElo "2140"]
[PlyCount "71"]
[EventDate "2002.08.??"]
[EventType "tourn"]
[EventRounds "11"]
[EventCountry "CZE"]
[EventCategory "3"]
[SourceTitle "CBM 089 Extra"]
[Source "ChessBase"]
[SourceDate "2002.09.10"]
[SourceVersion "2"]
[SourceVersionDate "2002.09.10"]
[SourceQuality "1"]

1. e4 c5 2. Nf3 Nc6 3. d4 cxd4 4. Nxd4 Nf6 5. Nc3 e5 6. Ndb5 d6 7. a4 a6 8. Na3 Be7 9. Bg5 Be6 10. Bxf6 Bxf6 11. Bc4 0-0 12. Nd5 Bg5 13. 0-0 Kh8 14. c3 g6 15. Qe2 f5 16. Nb6 Qxb6 17. Bxe6 fxe4 18. Nc4 Qc7 19. Rad1 Rad8 20. Qxe4 Rf4 21. Qe2 Na5 22. Nxd6 e4 23. Nxe4 Qe5 24. Rde1 Bh6 25. g3 Rff8 26. Ba2 Rfe8 27. f4 Qc7 28. b4 Nc6 29. Qc4 b5 30. axb5 Qb6+ 31. Qc5 Qxc5+ 32. bxc5 axb5 33. Nd6 Rxe1 34. Rxe1 Rb8 35. Bd5 Na7 36. Re7 1-0

[Event "SVK-chT1W 0102"]
[Site "Slovakia"]
[Date "2002.??.??"]
[Round "1"]
[White "Sikora Lerch, Jan"]
[Black "Krejci, Jakub"]
[Result "0-1"]
[WhiteElo "2336"]
[BlackElo "2283"]
[PlyCount "46"]
[EventDate "2001.10.??"]
[EventType "team-tourn"]
[EventRounds "11"]
[EventCountry "SVK"]
[SourceTitle "EXT 2007"]
[Source "ChessBase"]
[SourceDate "2006.11.23"]
[SourceVersion "1"]
[SourceVersionDate "2006.11.23"]
[SourceQuality "1"]

1. c4 c5 2. Nc3 Nf6 3. g3 d5 4. cxd5 Nxd5 5. Bg2 Nc7 6. f4 g6 7. Ne4 Ne6 8. e3 Bg7 9. g4 Na6 10. a3 c4 11. Ne2 Nec5 12. Nxc5 Nxc5 13. Nc3 Nd3+ 14. Kf1 0-0 15. Be4 Nc5 16. Bf3 e5 17. Kg2 exf4 18. exf4 Nd3 19. Rf1 Nxf4+ 20. Kh1 Nd3 21. b3 cxb3 22. Qxb3 Qh4 23. Ne4 Be5 0-1